Normal view
MARC view
- Saeed,Muhammad Umer, Butt,Hamza Rafay & Syed, Raheel Hussain
Entry Personal Name
001 - CONTROL NUMBER
- control field: 4884
003 - CONTROL NUMBER IDENTIFIER
- control field: NUST
005 - DATE AND TIME OF LATEST TRANSACTION
- control field: 20170922133252.0
008 - FIXED-LENGTH DATA ELEMENTS
- fixed length control field: 170922|| aca||aabn | a|a d
040 ## - CATALOGING SOURCE
- Original cataloging agency: NUST
- Transcribing agency: NUST
100 ## - HEADING--PERSONAL NAME
- Personal name: Saeed,Muhammad Umer, Butt,Hamza Rafay & Syed, Raheel Hussain
670 ## - SOURCE DATA FOUND
- Source citation: Work cat.: (NUST): Saeed,Muhammad Umer, Butt,Hamza Rafay & Syed, Raheel Hussain, Shocks-vulnerability-resilience nexus: an empirical analysis, 2015
